Statistics for 100 greatest guitarists of all time.

Click here to take the quiz!

General Stats

  • This quiz has been taken 180 times
  • The average score is 31 of 100

Answer Stats

Name% Correct
1Jimi Hendrix
91%
2Eric Clapton
88%
3Jimmy Page
79%
4Keith Richards
76%
8Eddie Van Halen
75%
6B.B. King
72%
26Brian May
69%
65Slash
69%
55John Lennon
65%
13Albert King
64%
15Freddie King
64%
11George Harrison
64%
7Chuck Berry
62%
10Pete Townshend
60%
5Jeff Beck
57%
24Angus Young
56%
14David Gilmour
56%
9Duane Allman
54%
17Neil Young
54%
12Stevie Ray Vaughan
54%
20Carlos Santana
53%
73Kurt Cobain
51%
38The Edge
50%
33Prince
48%
71Robert Johnson
47%
49Muddy Waters
44%
25Tony Iommi
44%
44Mark Knopfler
42%
50Ritchie Blackmore
42%
84Joe Perry
41%
94Peter Buck
41%
97Steve Jones
41%
96Bruce Springsteen
40%
37Mike Taylor
38%
52Clarence White
37%
70Jack White
37%
18Les Paul
35%
58Peter Green
33%
80Buddy Holly
31%
87James Hetfield
31%
100Lindsey Buckingham
31%
28Johnny Ramone
30%
22Frank Zappa
29%
54Joe Walsh
29%
98Alex Lifeson
25%
23Buddy Guy
25%
91Dave Davies
25%
46Jerry Garcia
25%
81Lou Reed
25%
36Randy Rhoads
25%
29Scotty Moore
25%
99Thurston Moore
25%
92Dimebag Darrel
23%
30Elmore James
23%
57Rory Gallagher
23%
40Tom Morello
23%
27Bo Diddley
22%
47Stephen Stills
22%
85Andy Summers
21%
16Derek Trucks
21%
72John Frusciante
21%
75Joni Mitchell
21%
93Paul Simon
21%
32Billy Gibbons
19%
59Robbie Robertson
19%
35John Lee Hooker
18%
51Johnny Marr
18%
76Robby Krieger
17%
48Jonny Greenwood
16%
77Willie Nelson
16%
56Albert Collins
15%
21Chet Atkins
15%
19James Burton
15%
41Mick Ronson
14%
62Robert Fripp
14%
31Ry Cooder
14%
89Bonnie Raitt
13%
88Carl Perkins
13%
34Curtis Mayfield
13%
63Johnny Winter
13%
79Mike Campbell
13%
68John McLaughlin
12%
69Richard Thompson
12%
61Dickey Betts
11%
95Roger McGuinn
11%
74Dick Dale
10%
45Link Wray
10%
42Mike Bloomfield
10%
67T-Bone Walker
10%
39Steve Cropper
9%
90Tom Verlaine
9%
64Duane Eddy
8%
83Eddie Hazel
8%
43Hubert Sumlin
7%
82Nels Cline
7%
86J Mascis
6%
66Leslie West
6%
53Otis Rush
5%
60Ron Asheton
5%
78John Fahey
4%

Score Distribution

Percentile by Number Answered

Percent of People with Each Score

Your Score History

You have not taken this quiz